000 00408nam a22001697a 4500
003 SGT
020 _a9788181915504
082 _a615
_bS23S
100 _aSHARMA,H.L.
245 _aSHARMA & SHARMA'S PRINCIPLES PHARMACOLOGY
250 _a4TH
260 _aHYDERABAD
_bPARAS MEDICAL PUB.
_c2023
300 _a1064
650 _aPHARMACOLOGY
653 _aSHARMA, PRINCIPLES, PHARMACOLOGY
942 _2ddc
_cBK
999 _c29029
_d29029